000 00548nam a22001815i 4500
001 54006
003 ES-MaACL
005 20230906162855.0
007 t|
008 960714s1887 fr ||||1| fre d
040 _aCAM
_bspa
_cCAM
100 1 _aFerraz, Marin.
_950341
245 1 0 _aHistoire de la philosophie en France au XIXe siècle.
_pSpiritualisme et libéralisme /
_cpar M. Ferraz...
260 _aParis :
_bDidier et Cie.,
_c1887.
300 _a469 p. ;
_c19 cm.
740 0 _aSpiritualisme et libéralisme.
852 _aES-MaACL
_jF-2968
999 _c54006
_d54006